000 00972nam a2200217 a 4500
001 16513113
008 161115s2010 ||||||||||||||||| || u
010 _a2010455436
020 _a9781861349699
050 _aHN 400.C6 Hen
100 _aHenderson, Paul
245 1 0 _aCommunity development and civil society : making connections in the European context
_cby Paul Henderson.
260 _aBristol
_bPolicy Press
_c2010
300 _aix, 213 p. : ill.
350 _a35.95
500 _aIncludes bibliographical references and index.
650 _aCIVIL SOCIETY--GREAT BRITAIN
650 _aCOMMUNITY DEVELOPMENT--GREAT BRITAIN
995 _aMAIN LIBRARY OPEN ACCESS
_e747198
_FCBU-MAIN LIBRARY (Kitwe)
_I35.95
_jHN 400.C6 Hen
_M2
_UAVAILABLE
_WNov 15, 2016
_y747198
_ZMain Library Open Access Collection
995 _aMAIN LIBRARY OPEN ACCESS
_D35.95
_e747197
_FCBU-MAIN LIBRARY (Kitwe)
_jHN 400.C6 Hen
_M1
_UAVAILABLE
_WNov 15, 2016
_y747197
_ZMain Library Open Access Collection
999 _c79555
_d79555